Kerala agricultural university vision 2050 (Record no. 290507)
[ view plain ]
| 000 -LEADER | |
|---|---|
| fixed length control field | 00496nam a22001817a 4500 |
| 003 - CONTROL NUMBER IDENTIFIER | |
| control field | OSt |
| 082 ## - DEWEY DECIMAL CLASSIFICATION NUMBER | |
| Classification number | IR KAU/KE |
| 245 ## - TITLE STATEMENT | |
| Title | Kerala agricultural university vision 2050 |
| 260 ## - PUBLICATION, DISTRIBUTION, ETC. (IMPRINT) | |
| Place of publication, distribution, etc | Mannuthy` |
| Name of publisher, distributor, etc | Kerala Agricultural University |
| Date of publication, distribution, etc | 2020 |
| 300 ## - PHYSICAL DESCRIPTION | |
| Extent | 89p. |
| 546 ## - LANGUAGE | |
| Language note | English |
| 650 ## - SUBJECT ADDED ENTRY--TOPICAL TERM | |
| Topical term or geographic name as entry element | Climate change adaptations |
| 650 ## - SUBJECT ADDED ENTRY--TOPICAL TERM | |
| Topical term or geographic name as entry element | Enhancing graduate education |
| 650 ## - SUBJECT ADDED ENTRY--TOPICAL TERM | |
| Topical term or geographic name as entry element | Inclusive growth |
| 650 ## - SUBJECT ADDED ENTRY--TOPICAL TERM | |
| Topical term or geographic name as entry element | Non- collegiate education |
| 650 ## - SUBJECT ADDED ENTRY--TOPICAL TERM | |
| Topical term or geographic name as entry element | Institutional development |
| 942 ## - ADDED ENTRY ELEMENTS (KOHA) | |
| Source of classification or shelving scheme | Dewey Decimal Classification |
| Koha item type | KAU Publications |
| Lost status | Source of classification or shelving scheme | Damaged status | Not for loan | Collection code | Home library | Current library | Shelving location | Date acquired | Total Checkouts | Full call number | Barcode | Date last seen | Koha item type |
|---|---|---|---|---|---|---|---|---|---|---|---|---|---|
| Dewey Decimal Classification | KAU Publication | KAU Central Library, Thrissur | KAU Central Library, Thrissur | IR | 11/09/2023 | IR KAU/KE | 812657 | 11/09/2023 | KAU Publications | ||||
| Dewey Decimal Classification | KAU Publication | KAU Central Library, Thrissur | KAU Central Library, Thrissur | IR | 11/09/2023 | IR KAU/KE | 812458 | 11/09/2023 | KAU Publications | ||||
| Dewey Decimal Classification | KAU Publication | KAU Central Library, Thrissur | KAU Central Library, Thrissur | IR | 11/09/2023 | IR KAU/KE | 812456 | 11/09/2023 | KAU Publications | ||||
| Dewey Decimal Classification | KAU Publication | KAU Central Library, Thrissur | KAU Central Library, Thrissur | IR | 11/09/2023 | IR KAU/KE | 812457 | 11/09/2023 | KAU Publications |
